000 01178cam a2200361 i 4500
999 _c632
_d632
001 6450051
003 OSt
005 20190904152555.0
008 131223t20132013si abc 001 0 eng d
020 _a9789671061749
020 _a9671061745
035 _a(OCoLC)866621446
035 _a6450051
040 _aYDXCP
_beng
_erda
_cYDXCP
_dSINLB
_dOCLCO
_dANL
043 _aa-my---
082 0 4 _a070 CHR
_223
245 0 0 _aChronicle of Malaysia :
_b1963-2013 : fifty years of headline news /
_ceditor-in-chief, Philip Mathews.
246 _aChronicle of Malaysia :
_b1963-2013 : 50 years of headline news /
250 _aNew revised and updated edition.
264 1 _aSingapore :
_bEditions Didier Millet Pte Ltd,
_c2013.
264 4 _c2013
300 _a384 pages :
_billustrations (some color), maps, portraits ;
_c27 x 29 cm
336 _atext
_2rdacontent
336 _astill image
_2rdacontent
337 _aunmediated
_2rdamedia
338 _avolume
_2rdacarrier
500 _aIncludes index.
650 0 _aNewspapers
_xHeadlines.
651 0 _aMalaysia
_xHistory.
651 0 _aMalaysia
_xPress coverage.
700 1 _aMathews, Philip,
_eeditor.
942 _2ddc
_cNFIC